Power and resistance: (Record no. 1435925)

MARC details
000 -LEADER
fixed length control field 00785 a2200241 4500
005 - DATE AND TIME OF LATEST TRANSACTION
control field 20251219121238.0
008 - FIXED-LENGTH DATA ELEMENTS--GENERAL INFORMATION
fixed length control field 251219b |||||||| |||| 00| 0 eng d
020 ## - INTERNATIONAL STANDARD BOOK NUMBER
International Standard Book Number 9781839763519 (pbk)
037 ## - SOURCE OF ACQUISITION
Terms of availability TB
040 ## - CATALOGING SOURCE
Original cataloging agency CRL
Transcribing agency CRL
041 ## - LANGUAGE CODE
Source of code eng
Language code of text/sound track or separate title eng
084 ## - COLON CLASSIFICATION NUMBER
Classification number R3xN26:g R2
Assigning agency CRL
100 ## - MAIN ENTRY--PERSONAL NAME
Personal name Sato, Youhiyuki
9 (RLIN) 822148
245 ## - TITLE STATEMENT
Title Power and resistance:
Remainder of title Foucault, Deleuze, Derrida, Althusser
260 ## - PUBLICATION, DISTRIBUTION, ETC.
Place of publication, distribution, etc. London, UK:
Name of publisher, distributor, etc. Verso,
Date of publication, distribution, etc. 2022.
300 ## - PHYSICAL DESCRIPTION
Extent xii;266p.
365 ## - TRADE PRICE
Price amount 19.99
Currency code UKP
650 ## - SUBJECT ADDED ENTRY--TOPICAL TERM
Topical term or geographic name entry element Philosophy
9 (RLIN) 858016
650 ## - SUBJECT ADDED ENTRY--TOPICAL TERM
Topical term or geographic name entry element Foucault, Michel
9 (RLIN) 858017
650 ## - SUBJECT ADDED ENTRY--TOPICAL TERM
Topical term or geographic name entry element Philosophers
9 (RLIN) 858018
942 ## - ADDED ENTRY ELEMENTS (KOHA)
Koha item type Textbook
Source of classification or shelving scheme Colon Classification (CC)
Suppress in OPAC No
Classification part R3xN26:g R2
Holdings
Withdrawn status Lost status Source of classification or shelving scheme Damaged status Not for loan Home library Current library Date acquired Source of acquisition Cost, normal purchase price Inventory number Total Checkouts Full call number Barcode Date last seen Cost, replacement price Price effective from Koha item type
    Colon Classification (CC)     Central Library Central Library 2025-12-19 Elite Publishers Distributors 1671.89 15093 & 01/10/2025   R3xN26:g R2 CL1923763 2025-10-06 2388.41 2025-10-06 Textbook
Copyright @ Delhi University Library System